000 00733nam a2200265Ia 4500
005 20260121170443.0
008 008 260114s9999 xx 000 0 eng d
020 _a9783319716558
037 _aEBOOK
040 _aCRL
040 _beng
040 _cCRL
041 _2eng
041 _aeng
084 _qCRL
100 _aJoseph Krasil'shchik, Alexander Verbovetsky, Raffaele Vitolo
_91064069
245 4 _aThe Symbolic Computation of Integrability Structures for Partial Differential Equations
260 _bSpringer
260 _bSpringer
260 _c2017
856 _uhttps://link.springer.com/openurl?genre=book&isbn=978-3-319-71655-8
942 _cEBOOK
999 _c1629798
_d1629798